Statistics for Random 2000's Artists By Song #7

Click here to take the quiz!

General Stats

  • This quiz has been taken 20 times
  • The average score is 8 of 15

Answer Stats

Song TitleArtist% Correct
Viva La VidaColdplay
100%
Boulevard Of Broken DreamsGreen Day
95%
Use SomebodyKings Of Leon
70%
You Belong With MeTaylor Swift
65%
IrreplaceableBeyonce
60%
Fallin'Alicia Keys
55%
Where Is The Love?Black Eyed Peas
55%
BeautifulChristina Aguilera
55%
MusicMadonna
45%
One More TimeDaft Punk
40%
Ur So GayKaty Perry
40%
VertigoU2
40%
A MilliLil Wayne
30%
Reach OutHilary Duff
25%
Fell In Love With A GirlThe White Stripes
25%

Score Distribution

Percentile by Number Answered

Percent of People with Each Score

Your Score History

You have not taken this quiz